Фотоколориметрическое определение следов алюминия в нефтях Западной Сибири; Известия Томского политехнического института [Известия ТПИ]; Т. 275 : Неорганическая химия и химическая технология

Bibliographic Details
Parent link:Известия Томского политехнического института [Известия ТПИ]/ Томский политехнический институт (ТПИ).— , 1944-1976
Т. 275 : Неорганическая химия и химическая технология.— 1976.— [С. 63-65]
Other Authors: Губер Э. А., Карбаинов Ю. А. Юрий Александрович, Сагаченко Т. А., Ковш А. В.
Summary:Заглавие с титульного листа
Электронная версия печатной публикации
543.43
Выяснены оптимальные условия получения комплекса алюминия с эриохромцианином Р. Установлено, что влияние меди устраняется введением в раствор тиосульфата натрия, влияние железа-аскорбиновой кислотой, рН раствора - 5,9-6,0. Максимальная оптическая плотность комплекса развивается через 2 мин после прибавления реактивов. Приводятся результаты анализа 15 месторождений нефтей, обработанных методом математической статистики.
Language:Russian
Published: 1976
Subjects:
Online Access:Черно-белая версия для предварительного просмотра
Цветная версия без потери качества
Format: Electronic Book Chapter
KOHA link:https://koha.lib.tpu.ru/cgi-bin/koha/opac-detail.pl?biblionumber=237354

MARC

LEADER 00000nla2a2200000 4500
001 237354
005 20231031204835.0
035 |a (RuTPU)RU\TPU\book\258526 
035 |a RU\TPU\book\258504 
090 |a 237354 
100 |a 20130515d1976 k y0rusy50 ca 
101 0 |a rus 
102 |a RU 
135 |a drnn ---uucaa 
181 0 |a i  
182 0 |a b 
200 1 |a Фотоколориметрическое определение следов алюминия в нефтях Западной Сибири  |b Электронный ресурс  |f Э. А. Губер [и др.] 
203 |a Текст  |c электронный 
215 |a 2 файла (158 Кб, 7 Мб) 
230 |a Электронные текстовые данные (2 файла : 158 Кб, 7 Мб) 
300 |a Заглавие с титульного листа 
300 |a Электронная версия печатной публикации 
320 |a [Библиогр.: с. 65 (7 назв.)] 
330 |a 543.43 
330 |a Выяснены оптимальные условия получения комплекса алюминия с эриохромцианином Р. Установлено, что влияние меди устраняется введением в раствор тиосульфата натрия, влияние железа-аскорбиновой кислотой, рН раствора - 5,9-6,0. Максимальная оптическая плотность комплекса развивается через 2 мин после прибавления реактивов. Приводятся результаты анализа 15 месторождений нефтей, обработанных методом математической статистики. 
337 |a Adobe Reader 
461 1 |0 (RuTPU)RU\TPU\book\200995  |t Известия Томского политехнического института [Известия ТПИ]  |f Томский политехнический институт (ТПИ)  |d 1944-1976 
463 1 |0 (RuTPU)RU\TPU\book\258477  |t Т. 275 : Неорганическая химия и химическая технология  |v [С. 63-65]  |d 1976  |p 136 с. 
610 1 |a электронный ресурс 
610 1 |a труды учёных ТПУ 
701 1 |a Губер  |b Э. А. 
701 1 |a Карбаинов  |b Ю. А.  |c российский электрохимик и электроаналитик  |c профессор Томского политехнического университета  |f 1940-2007  |g Юрий Александрович  |2 stltpush  |3 (RuTPU)RU\TPU\pers\15852 
701 1 |a Сагаченко  |b Т. А. 
701 1 |a Ковш  |b А. В. 
801 1 |a RU  |b 63413507  |c 20090320  |g PSBO 
801 2 |a RU  |b 63413507  |c 20130528  |g PSBO 
856 4 |u http://www.lib.tpu.ru/fulltext/v/Bulletin_TPU/1976/v275/18_bw.pdf  |z Черно-белая версия для предварительного просмотра 
856 4 |u http://www.lib.tpu.ru/fulltext/v/Bulletin_TPU/1976/v275/18_full.pdf  |z Цветная версия без потери качества 
942 |c CF